000 01082nam a2200301Ia 4500
003 OSt
005 20221007123612.0
006 a|||||r|||| 00| 0
007 ta
008 221006b |||||||| |||| 00| 0 eng d
020 _a8123911599 (pbk)
_cRs. 325.00
024 _a76611
037 _b1704, 13/02/2007, Unilib Book Distributors
_cTextbook
040 _aPAPL
_cPAPL
_beng
041 _2eng
_aeng
082 _aC9B3, P5 Carpa
100 _aVarma Jagdish
_9717470
245 0 _aFundamentals of nuclear physics
_b Bhandari Roop Chand Somayajulu D R S
260 _aNew
_bDelhi CBS Publishers & distributors
_c2005
300 _axiv, 584p.
_ccm.
500 _aAppendix A-C, 543-575p.; Bibliography 576-578p.; Index 579-584p.
650 _a Nuclear physics
_9543687
650 _aPhysics
700 _a Bhandari Roop Chand
_9717471
700 _a Somayajulu D R S
_9717472
942 _hC9B3, P5 Carpa
_cTB
_2CC
999 _c1212175
_d1212175